000 00857nam0a2200289 4500
001 RU\NLR\BIBL_A\011779518
005 20180910154313.0
010 _a978-5-00122-447-1
_940
021 _aRU
_bКН-П-18-055421
_9КН-П-18-3995
035 _a(NLR Aleph) 011779518
035 _a(RuMoRGB)009699948
090 _a11768924
_c11768924
100 _a20180830d2018 u y0rusy50 ca
101 0 _arus
102 _aRU
105 _ay|||z|||000gy
200 1 _aТобой живу
_e[стихи]
_fЕланцев К.В.
210 _aМосква
_cПеро
_d2018
215 _a179 с.
_d21
686 2 _aШ6(2=Р)8-5
700 1 _aЕланцев
_bК. В.
942 _cBOOK
980 _aNBR
980 _aNB